书目信息 |
| 题名: |
解析几何
|
|
| 作者: | 吴光磊 编 | |
| 分册: | ||
| 出版信息: | 北京 高等教育出版社 2014 |
|
| 页数: | 269页 | |
| 开本: | 21cm | |
| 丛书名: | ||
| 单 册: | ||
| 中图分类: | O182 | |
| 科图分类: | ||
| 主题词: | 解析几何--高等学校--教材 | |
| 电子资源: | ||
| ISBN: | 978-7-04-040940-6 | |
| 000 | 00854nam0 2200253 450 | |
| 001 | 0103378293 | |
| 005 | 20150316111929.0 | |
| 010 | @a978-7-04-040940-6@dCNY18.80 | |
| 100 | @a20150108d2014 em y0chiy0120 ea | |
| 101 | 0 | @achi |
| 102 | @aCN@b110000 | |
| 105 | @aa z 000yy | |
| 106 | @ar | |
| 200 | 1 | @a解析几何@9Jie;Xie Xi Ji He @f吴光磊[等]编@b专著 |
| 210 | @a北京@c高等教育出版社@d2014 | |
| 215 | @a269页@c图@d21cm | |
| 300 | @a高等学校教材 | |
| 304 | @a编者还有:丁石孙、姜伯驹、田畴、程庆民 | |
| 330 | @a本书内容包括:平面直角坐标、直线和圆、常见的平面曲线、坐标变换、二次曲线的一般讨论、向量代数、空间的平面和直线、常见的曲面与曲线、正交变换与仿射变换等。 | |
| 606 | 0 | @a解析几何@x高等学校@j教材 |
| 690 | @aO182@v5 | |
| 701 | 0 | @a吴光磊@f(1921~1991)@9wu guang lei@4编 |
| 801 | 0 | @aCN@bZL@c20141210 |
| 905 | @aBZT@dO18@e20@f1@sO18/20 | |
| 解析几何/吴光磊[等]编.-北京:高等教育出版社,2014 |
| 269页:图;21cm |
| 高等学校教材 |
| ISBN 978-7-04-040940-6:CNY18.80 |
| 本书内容包括:平面直角坐标、直线和圆、常见的平面曲线、坐标变换、二次曲线的一般讨论、向量代数、空间的平面和直线、常见的曲面与曲线、正交变换与仿射变换等。 |
| ● |
| 相关链接 |
|
|
|
正题名:解析几何
索取号:O18/20
 
预约/预借
| 序号 | 登录号 | 条形码 | 馆藏地/架位号 | 状态 | 备注 |
| 1 | 2000009462 | 2000009462 | 旧书回溯/ [索取号:O18/20] | 在馆 |